|
|
|
|
| LEADER |
00000nam0a2200000 4500 |
| 001 |
160759 |
| 005 |
20231031155654.0 |
| 010 |
|
|
|a 5050024145
|
| 020 |
|
|
|a RU
|b 89-48196
|
| 035 |
|
|
|a (RuTPU)RU\TPU\book\174350
|
| 090 |
|
|
|a 160759
|
| 100 |
|
|
|a 20090527d1989 m y0rusy5003 ca
|
| 101 |
1 |
|
|a rus
|c ger
|
| 102 |
|
|
|a RU
|
| 105 |
|
|
|a a z 000ay
|
| 200 |
1 |
|
|a Братья
|e роман
|f Д. Латтман
|g пер. с нем. Ю. Бем ; худож. И. В. Борисова
|
| 210 |
|
|
|a Москва
|c Радуга
|d 1989
|
| 215 |
|
|
|a 458,[2] с.
|c ил.
|d 21 см
|
| 333 |
|
|
|a Исключено из фонда НТБ ТПУ
|
| 675 |
|
|
|a 83
|z rus
|
| 700 |
|
1 |
|a Латтман
|b Д.
|g Дитер
|4 070
|
| 702 |
|
1 |
|a Бем
|b Ю.
|4 730
|
| 702 |
|
1 |
|a Борисова
|b И. В.
|4 440
|
| 801 |
|
0 |
|a RU
|b RuMRKP
|c 19950417
|g psbo
|
| 801 |
|
1 |
|a RU
|b 63413507
|c 20090527
|g PSBO
|
| 801 |
|
2 |
|a RU
|b 63413507
|c 20211222
|g PSBO
|
| 942 |
|
|
|c BK
|